Quiz sur les auteurs de mangas - Statistiques

Statistiques générales
  • Ce quiz a été pris 541 fois
  • Le résultat moyen est 13 sur 20
Statistiques - réponses
Auteur indice Titre du manga % Correct
Eiichirō Oda C’est l’histoire d’un jeune pirate aux bras extensibles, et de ses amis... One piece
100%
Akira Toriyama Ils maîtrisent le Kamehameha... Dragon Ball
97%
Yusuke Murata Le héros qui a sûrement le moins de cheveux... One-punch man
96%
Kohei Horikoshi Une école formatrice de héros... My hero academia
95%
Masashi Kishimoto Il fait des orbes tourbillonnantes... Naruto
93%
Hiro Mashima Un des personnages principaux est accompagné d’un chat ailé très heureux... Fairy tail
90%
Hajime Isayama Un monde menacé par des géants... L’attaque des Titans
89%
Hiromu Arakawa Son frère est une armure vivante... Fullmetal Alchemist
85%
Tsugumi Ōba On y inscrit un rendez-vous avec la mort... Death Note
84%
Nakaba Suzuki Ils sont sept plus un cochon qui parle... The seven deadly sins
76%
Kazue Kato Il est le fils d’un ange déchu et crée des flammes bleues... Blue Exorcist
71%
Masami Kurumada Météore de Pégase... Les Chevaliers du Zodiaque
67%
Yūki Tabata Tout le monde a son grimoire... Black Clover
61%
Yūsei Matsui Sa tête ressemble à un emoji... Assassination Classroom
53%
Osamu Tezuka C’est un jeune garçon qui se révèle être un robot... Astro Boy
47%
One Il ne faut pas l’énerver, au risque qu’il explose tout le monde... Mob Psycho 100
43%
Mitsutoshi Shimabukuro La nourriture y a une place très très très importante... Toriko
43%
Buichi Terasawa Il porte le nom d’un serpent venimeux... Cobra The Space Pirate
39%
Hayao Miyazaki Une princesse capable de communiquer avec tous les êtres vivants... Nausicaä de la vallée du vent
12%
Haruko Ichikawa Les personnages sont très fragiles et doivent combattre des êtres venus de la lune... L’ère des Cristaux
7%
Aucun quiz correspondant
Distribution des résultats
% des personnes avec chaque résultat
Percentile par nombre de réponses
Votre historique - résultats
Vous n’avez pas pris ce quiz